| 000 | 00760cam a2200241 a 4500 | ||
|---|---|---|---|
| 003 | OSt | ||
| 005 | 20140310182528.0 | ||
| 008 | 060117s2007 caua 000 0 eng | ||
| 010 | _a 2006920737 | ||
| 020 | _a9789814253475 | ||
| 050 | 0 | 0 |
_aQD 253.2 _b.B565 2008 |
| 100 |
_aBettelheim, Frederick A. _99609 |
||
| 245 | 1 | 0 |
_aIntroduction to organic and biochemistry / _cFrederick A. Bettelheim ... [et al.]. |
| 246 | 3 | 0 | _aOrganic and biochemistry |
| 250 | _a6th ed. | ||
| 260 |
_aBelmont, CA : _bBrooks/Cole, _cc2008. |
||
| 300 |
_a554 p.: _bill. ; _c26 cm. |
||
| 650 | 0 |
_aChemistry, Organic _vTextbooks. _99610 |
|
| 650 | 0 |
_aBiochemistry _vTextbooks. _99611 |
|
| 700 | 1 |
_aBettelheim, Frederick A., _d1923- _99612 |
|
| 942 |
_2lcc _cSSLC |
||
| 999 |
_c14102 _d14102 |
||